Μάθε το Director μέσα από δραστηριότητες

Αποθηκεύτηκε σε:
Λεπτομέρειες βιβλιογραφικής εγγραφής
Κύριος συγγραφέας: Κωτσάκης, Σταύρος
Άλλοι συγγραφείς: Ταταράκη, Αλεξάνδρα
Μορφή: Βιβλίο
Γλώσσα:Greek
Δημοσίευση: Αθήνα : Λιβάνη, 2006.
Θέματα:
Ετικέτες: Προσθήκη ετικέτας
Δεν υπάρχουν, Καταχωρήστε ετικέτα πρώτοι!

MARC

LEADER 00000cam a2200000 i 4500
001 1/11102
008 101201s2006 gr | ||| |||| ||gre||
020 |a 9601412433 
035 |l 10109283 
040 |a GR-MyUa  |b gre  |e AACR2 
041 0 |a gre 
082 7 |a 006.786   |2 (22) 
100 1 |a Κωτσάκης, Σταύρος. 
245 1 0 |a Μάθε το Director μέσα από δραστηριότητες /   |c Σταύρος Κωτσάκης, Αλεξάνδρα Ταταράκη.  
260 |a Αθήνα :   |b Λιβάνη,   |c 2006. 
300 |a 230 σ. :   |b εικ. ;   |c 28 εκ. +   |e 1 οπτική δισκέτα λείζερ Η/Υ (4 3/4 ίν.)  
630 0 0 |a Director (Computer file) 
650 0 |a Multimedia systems. 
700 1 |a Ταταράκη, Αλεξάνδρα. 
852 |a INST  |b SYROS  |e 20101201  |h 006.786 ΚΩΤ  |p 005500009455  |q 005500009455  |t BK  |y 0 
852 |a INST  |b SYROS  |e 20101201  |h 006.786 ΚΩΤ  |p 005500009456  |q 005500009456  |t BK  |y 0 
852 |a INST  |b SYROS  |e 20101201  |h 006.786 ΚΩΤ   |p 005500009453  |q 005500009453  |t BK  |y 0 
852 |a INST  |b SYROS  |e 20101201  |h 006.786 ΚΩΤ   |p 005500009454  |q 005500009454  |t BK  |y 0 
901 |a BIBL5-2010-3 
970 |a Κοντού  |b Παρασκευή  |z 01/12/2010